000 00323nam a22001457a 4500
008 230627b ||||| |||| 00| 0 eng d
020 _a0898853141
041 _aeng
080 _a61
082 _a61CAR
100 _a5
101 _aMJP
245 _aHANDBOOK OF APPLIED GERONTOLOGY
_cCARAVAGLIA .L.G
942 _2udc
_cBK
999 _c60050
_d60050